| 000 | 00866nam a2200253Ia 4500 | ||
|---|---|---|---|
| 003 | OSt | ||
| 005 | 20220923220220.0 | ||
| 006 | a|||||r|||| 00| 0 | ||
| 007 | ta | ||
| 008 | 220922b |||||||| |||| 00| 0 guj d | ||
| 024 | _a185,132 | ||
| 037 | _cTextual | ||
| 040 |
_aARTS _cARTS _bguj |
||
| 041 |
_2guj _aguj |
||
| 082 | _aO156,1K18:g, 152L3 | ||
| 100 |
_aपाण्डेय, नरेश _9156275 |
||
| 245 | 0 | _aप्राणनाथ सम्प्रदाय एवं साहित्य | |
| 246 | _aPrāṇanāth sampradāya evan sāhitya | ||
| 260 |
_aजयपुर _b पंचशील प्रकाशन _c1973 |
||
| 300 |
_a332 पृ0 _ccm. |
||
| 650 | _aगुजराती साहित्य | ||
| 942 |
_hO156,1K18:g, 152L3 _cTEXL _2CC |
||
| 999 |
_c338378 _d338378 |
||